000 00488pam a2200193 a 4500
001 79256121
003 OSt
005 20150408114144.0
008 070117s2007 wau 000 0 eng
020 _a8182810833
040 _aMa-Un
082 0 _a516.24
_222
100 1 _aMittal, P.K.
_938150
245 1 0 _atrigonometry /
_cP.K. Mittal..
260 _a New Delhi :
_bVrinda Publications
_cc2007.
300 _a, 246 p. ;
_c20 cm.
650 0 _aTrigonometry
_915117
942 _2ddc
_cBOOK
999 _c31431
_d265931